Pelléas et Mélisande / (Record no. 196103)

MARC details
000 -LEADER
campo de control de longitud fija 02919njm a2200565 i 4500
001 - NÚMERO DE CONTROL
campo de control 196103
003 - IDENTIFICADOR DE NÚMERO DE CONTROL
campo de control ES-MaACL
005 - FECHA Y HORA DE LA ÚLTIMA TRANSACCIÓN
campo de control 20250904042259.0
007 - CAMPO FIJO DE DESCRIPCIÓN FÍSICA--INFORMACIÓN GENERAL
campo de control de longitud fija sd*fsngnnmmned
008 - DATOS DE LONGITUD FIJA--INFORMACIÓN GENERAL
campo de control de longitud fija 240209s2006 sp opn d / fre
015 ## - NÚMERO DE BIBLIOGRAFÍA NACIONAL
Número de bibliografía nacional SON06
017 ## - NÚMERO DE COPYRIGHT O DE DEPÓSITO LEGAL
Número de copyright o de depósito legal M 48055-2006
Agencia que asigna Oficina Depósito Legal Madrid
020 ## - NÚMERO INTERNACIONAL ESTÁNDAR DEL LIBRO
Número Internacional Estándar del Libro 9788496832282
035 ## - NÚMERO DE CONTROL DEL SISTEMA
Número de control de sistema (OCoLC)733210715
035 ## - NÚMERO DE CONTROL DEL SISTEMA
Número de control de sistema (SpMaBN)a4580552
040 ## - FUENTE DE CATALOGACIÓN
Centro catalogador/agencia de origen SpMaBN
Lengua de catalogación spa
Centro/agencia transcriptor SpMaBN
Normas de descripción rdc
100 1# - ENTRADA PRINCIPAL--NOMBRE DE PERSONA
Nombre de persona Debussy, Claude,
Fechas asociadas al nombre 1862-1918
9 (RLIN) 240620
Término indicativo de función/relación Compositor
240 10 - TÍTULO UNIFORME
Título uniforme Pelléas et Mélisande
245 10 - MENCIÓN DEL TÍTULO
Título Pelléas et Mélisande /
Mención de responsabilidad, etc. Debussy ; libreto de Maurice Maeterlinck
Resto del título [Grabación sonora]
260 ## - PUBLICACIÓN, DISTRIBUCIÓN, ETC.
Lugar de publicación, distribución, etc. Madrid :
Nombre del editor, distribuidor, etc. Prisa Innova,
Fecha de publicación, distribución, etc. D.L. 2006
264 ## - PRODUCCIÓN, PUBLICACIÓN, DISTRIBUCIÓN, FABRICACIÓN Y COPYRIGHT
Producción, publicación, distribución, fabricación y copyright ©2007
300 ## - DESCRIPCIÓN FÍSICA
Extensión 2 discos (CD Audio) +
Material acompañante/anejo 1 libro (76 páginas)
336 ## - TIPO DE CONTENIDO
Fuente rdacontent
Término de tipo de contenido música (interpretada)
337 ## - TIPO DE MEDIO
Fuente rdamedia
Nombre/término del tipo de medio audio
338 ## - TIPO DE SOPORTE
Fuente rdacarrier
Nombre/término del tipo de soporte volumen
490 1# - MENCIÓN DE SERIE
Mención de serie Los clásicos de la ópera, 400 años ;
Designación de volumen o secuencia 24
511 1# - NOTA DE PARTICIPANTES O INTÉRPRETES
Nota de participantes o intérpretes Jacques Jansen, Victoria de los Ángeles, Gérard Souzay, Pierre Froumenty, Jeannine Collard, Françoise Ogeas, Jean Vieuille ; Coros Raymond St. Paul ; Orquesta Nacional de la Radiodifusión Francesa ; André Cluytens, director musical.
518 ## - NOTA DE FECHA/HORA Y LUGAR DE UN ACONTECIMIENTO
Nota de fecha/hora y lugar de un acontecimiento Grabado en Palais de Chaillot, París, en junio de 1956
520 ## - RESUMEN, ETC.
Sumario, etc. Hoy vemos a Claude Debussy (1822-1918) como el más profundo creador de la modernidad. Basada en el drama del simbolista belga Maurice Maeterlinck, y estrenada en París en 1902, Pelléas et Mélisande es la anti-ópera en un sentido convencional: ni un agudo, ni un aria de exaltada vocalización. Una obra para los amantes de la música en sentido absoluto, con una armonía flotante e indecisa que evoca la pintura impresionista.
650 #7 - PUNTO DE ACCESO ADICIONAL DE MATERIA--TÉRMINO DE MATERIA
Término de materia o nombre geográfico como elemento de entrada Óperas-
9 (RLIN) 137584
Subdivisión de forma Libretos
655 #7 - TERMINO DE INDIZACIÓN--GENERO/FORMA
Datos o término principal de género/forma Libretos
Fuente del término
9 (RLIN) 242219
700 1# - ENTRADA AGREGADA--NOMBRE PERSONAL
Nombre de persona Maeterlinck, Maurice,
Fechas asociadas al nombre 1862-1949-
Título de la obra Pelleas et Mélisande-
Lenguaje de la obra Español-Francés
9 (RLIN) 238257
Término indicativo de función/relación Libretista
700 1# - ENTRADA AGREGADA--NOMBRE PERSONAL
Nombre de persona Jansen, Jacques
9 (RLIN) 238258
Término indicativo de función/relación Intérprete
700 1# - ENTRADA AGREGADA--NOMBRE PERSONAL
Nombre de persona Victoria de los Ángeles,
Fechas asociadas al nombre 1923-2005
9 (RLIN) 237868
Término indicativo de función/relación Intérprete
700 1# - ENTRADA AGREGADA--NOMBRE PERSONAL
Nombre de persona Souzay, Gérard,
Fechas asociadas al nombre 1918-2004
9 (RLIN) 238259
Término indicativo de función/relación Intérprete
700 1# - ENTRADA AGREGADA--NOMBRE PERSONAL
Nombre de persona Froumenty, Pierre
9 (RLIN) 238260
Término indicativo de función/relación Intérprete
700 1# - ENTRADA AGREGADA--NOMBRE PERSONAL
Nombre de persona Collard, Jeannine
9 (RLIN) 238261
Término indicativo de función/relación Intérprete
700 1# - ENTRADA AGREGADA--NOMBRE PERSONAL
Nombre de persona Ogeas, Françoise
9 (RLIN) 238262
Término indicativo de función/relación Intérprete
700 1# - ENTRADA AGREGADA--NOMBRE PERSONAL
Nombre de persona Vieuille, Jean,
Fechas asociadas al nombre 1902-1967
9 (RLIN) 238197
Término indicativo de función/relación Intérprete
700 1# - ENTRADA AGREGADA--NOMBRE PERSONAL
Nombre de persona Cluytens, André,
Fechas asociadas al nombre 1905-1967
9 (RLIN) 238263
Término indicativo de función/relación Director musical
710 2# - ENTRADA AGREGADA--NOMBRE DE ENTIDAD CORPORATIVA
Nombre de entidad corporativa o nombre de jurisdicción como elemento de entrada Choeur Raymond Saint-Paul
9 (RLIN) 238264
710 2# - ENTRADA AGREGADA--NOMBRE DE ENTIDAD CORPORATIVA
Nombre de entidad corporativa o nombre de jurisdicción como elemento de entrada Radiodiffusion française.
Unidad subordinada Orchestre national
9 (RLIN) 238171
852 ## - LOCALIZACIÓN
Ubicación ES-MaACL
Sublocalización o colección R.155037
Ubicación en estantería Depósito J
Número de control de estantería N-9819
Donativo/Legado Donación: Miren Fernández
Encuadernación Encuadernación cartoné
Designación de la unidad física Volumen 24
itemnumber 205697
903 ## - NOMBRE PERSONAL DE DONANTE
a Fernández, Miren
e Donante
942 ## - ELEMENTOS DE ENTRADA SECUNDARIOS (KOHA)
Tipo de ítem Koha Libro impreso
Suprimir en OPAC No
Holdings
Estatus retirado Estado de pérdida Fuente del sistema de clasificación o colocación Estado de daño No para préstamo Biblioteca de origen Biblioteca actual Ubicación en estantería Fecha de adquisición Fuente de adquisición Total de préstamos Signatura topográfica completa Código de barras Visto por última vez Precio de reemplazo Tipo de ítem Koha
    Clasificación decimal universal     Biblioteca del Ateneo de Madrid Biblioteca del Ateneo de Madrid Depósito J 22/05/2025 Donación   N-9819 101230124 22/05/2025 22/05/2025 Libro impreso